000 00664nam a22002057a 4500
005 20150511115948.0
010 _aENG-112825
020 _c250.00
_a9789380599380
035 _aEN-96357
037 _bDBAD/PUB
082 _a519.5
100 _aGiri, Prasanta Kumar
245 _aIntroduction to statistics :
_cby Prasanta Kumar Giri [and] Jiban Banerjee
_bfor higher secondary students /
250 _a7th ed
260 _aKolkata
_bAcademic Publishers
_c2011
270 _a5a bhawani dutta lane,
_bKolkata
_e700073
_mwww.acabooks.net
300 _avii,506p.:
_c24cm(pbk)
_bill.
700 _aBanerjee, Jiban
942 _2ddc
_cEN
_mGIR
_h519.5
999 _c93006
_d93006